Estudios sobre la sedimentación profunda de las Baleares desde el Lias superior al Genomanense-Turonense... / (Record no. 45650)

MARC details
000 -LEADER
campo de control de longitud fija 00644nam a2200169 i 4500
001 - NÚMERO DE CONTROL
campo de control 45650
003 - IDENTIFICADOR DE NÚMERO DE CONTROL
campo de control ES-MaACL
005 - FECHA Y HORA DE LA ÚLTIMA TRANSACCIÓN
campo de control 20230906161243.0
007 - CAMPO FIJO DE DESCRIPCIÓN FÍSICA--INFORMACIÓN GENERAL
campo de control de longitud fija t|
008 - DATOS DE LONGITUD FIJA--INFORMACIÓN GENERAL
campo de control de longitud fija 030326s1947 sp ||||1| spa d
100 1# - ENTRADA PRINCIPAL--NOMBRE DE PERSONA
Nombre de persona Colom, Guillermo.
9 (RLIN) 39788
245 10 - MENCIÓN DEL TÍTULO
Título Estudios sobre la sedimentación profunda de las Baleares desde el Lias superior al Genomanense-Turonense... /
Mención de responsabilidad, etc. Guillermo Colom.
260 ## - PUBLICACIÓN, DISTRIBUCIÓN, ETC.
Lugar de publicación, distribución, etc. Madrid :
Nombre del editor, distribuidor, etc. Consejo Superior de Investigaciones Científicas, Instituto Lucas Mallada,
Fecha de publicación, distribución, etc. 1947 (
Fabricante C. Bermejo)
300 ## - DESCRIPCIÓN FÍSICA
Extensión 147 p., 28 lám. :
Otras características físicas il. ;
Dimensiones 25 cm.
710 00 - ENTRADA AGREGADA--NOMBRE DE ENTIDAD CORPORATIVA
Nombre de entidad corporativa o nombre de jurisdicción como elemento de entrada Instituto Lucas Mallada.
9 (RLIN) 5122
852 ## - LOCALIZACIÓN
Ubicación ES-MaACL
Número de control de estantería C-5249
Sublocalización o colección R.25861
Holdings
Estatus retirado Estado de pérdida Estado de daño No para préstamo Biblioteca de origen Biblioteca actual Ubicación en estantería Fecha de adquisición Fuente de adquisición Total de préstamos Signatura topográfica completa Código de barras Visto por última vez Precio de reemplazo Tipo de ítem Koha
        Biblioteca del Ateneo de Madrid Biblioteca del Ateneo de Madrid Sala Palomar 17/01/2008     C-5249 1048028 23/02/2023 23/02/2023 Libro impreso